| 000 -ლიდერი |
| ფიქსირებული სიგრძის საკონტროლო ველი |
02115nam a2200301Ia 4500 |
| 001 - საკონტროლო ნომერი |
| საკონტროლო ველი |
20562 |
| 003 - საკონტროლო ნომრის იდენტიფიკატორი |
| საკონტროლო ველი |
GE_BSU |
| 005 - ბოლო ოპერაციის თარიღი და დრო |
| საკონტროლო ველი |
20210220213023.0 |
| 008 - ფიქსირებული სიგრძის მონაცემთა ელემენტები - ზოგადი ინფორმაცია |
| ფიქსირებული სიგრძის საკონტროლო ველი |
181216s2012||||ge |||||||||||||| ||geo|| |
| 020 ## - წიგნის საერთაშორისო სტანდარტული ნომერი |
| International Standard Book Number |
978-9941-15-668-7 |
| 040 ## - კატალოგიზაციის წყარო |
| Transcribing agency |
GE_BSU |
| 041 ## - ენის კოდი |
| Language code of text/sound track or separate title |
geo |
| 080 ## - უნივერსალური ათობითი კლასიფიკაციის ინდექსი |
| Universal Decimal Classification number |
616.311(075.8) პ-38 |
| 245 ## - ცნობა სათაურის შესახებ |
| Title |
პირის ღრუს ლორწოვანი გარსის დაავადებები : |
| Remainder of title |
სახელმძღვ. სტომატოლოგიის ფაკ. სტუდენტების, რეზიდენტებისა და ექიმი სტომატოლოგებისათვის / |
| Statement of responsibility, etc |
მანანა ივერიელი, ნინო აბაშიძე, ხატია გოგიშვილი, ნინო გოგებაშვილი ; რედ. ნათია ნაფეტვარიძე ; დიზაინერი ია მახათაძე. |
| 264 ## - წარმოების, გამოცემის, დისტრიბუციის და სხვა ცნობები |
| გამოცემის, წარმოების, დისტრიბუციის... ადგილი |
თბილისი : |
| გამოცემის, წარმოების, დისტრიბუციის... სახელწოდება |
თბილისის სახელმწიფო სამედიცინო უნ-ტი, |
| გამოცემის, წარმოების, დისტრიბუციის... თარიღი |
2012. |
| 300 ## - ფიზიკური აღწერა |
| Extent |
284 გვ. : |
| Other physical details |
სურ. ; |
| Dimensions |
27 სმ. |
| 504 ## - BIBLIOGRAPHY, ETC. NOTE |
| Bibliography, etc |
ბიბლიოგრ. : გვ. 275 |
| 653 ## - INDEX TERM--UNCONTROLLED |
| Uncontrolled term |
მედიცინა |
| 653 ## - INDEX TERM--UNCONTROLLED |
| Uncontrolled term |
პირის ღრუს ლორწოვანი გარსის დაავადებები |
| 700 ## - ADDED ENTRY--PERSONAL NAME |
| Personal name |
ივერიელი, მანანა |
| Relator term |
ავტორი |
| 9 (RLIN) |
10162 |
| 700 ## - ADDED ENTRY--PERSONAL NAME |
| Personal name |
აბაშიძე, ნინო |
| Relator term |
ავტორი |
| 9 (RLIN) |
10163 |
| 700 ## - ADDED ENTRY--PERSONAL NAME |
| Personal name |
გოგიშვილი, ხატია |
| Relator term |
ავტორი |
| 9 (RLIN) |
7960 |
| 700 ## - ADDED ENTRY--PERSONAL NAME |
| Personal name |
გოგებაშვილი, ნინო |
| Relator term |
ავტორი |
| 9 (RLIN) |
7961 |
| 700 ## - ADDED ENTRY--PERSONAL NAME |
| Personal name |
ნაფეტვარიძე, ნათია |
| Relator term |
რედაქტორი |
| 9 (RLIN) |
10164 |
| 710 ## - ADDED ENTRY--CORPORATE NAME |
| Corporate name or jurisdiction name as entry element |
თბილისის სახელმწიფო სამედიცინო უნივერსიტეტი |
| 9 (RLIN) |
9697 |
| 942 ## - ADDED ENTRY ELEMENTS (KOHA) |
| Koha item type |
წიგნი |
| Source of classification or shelving scheme |
|